000 00205 a2200097 4500
001 49669
100 _aStark
245 _aPersetts in the wind
260 _aLondon
_bJohn Murray
_c
090 _c32180
_d32180
942 _aNUST-CAE
_cM
_c24648
999 _c284742
_d284742